Hoping for continuity: childhood, education and death in antiquity and the middle ages

保存先:
書誌詳細
主要な著者: Hanska, Jussi (著者), Sainio, Hanna-Leena (著者), Vuolanto, Ville (著者)
その他の著者: Mustakallio, Katariina (編集者)
フォーマット: 図書
言語:イタリア語
出版事項: Roma, Italia Instituti Romani Finlandiae 2005
シリーズ:Acta Instituti Romani Finlandie, 33
主題:
タグ: タグ追加
タグなし, このレコードへの初めてのタグを付けませんか!

MARC

LEADER 00000nam a2200000 a 4500
001 UCI1731
003 CL-VaPUC
005 20220628113849.0
008 070713e20050000IT |||||||||||||||||ita|d
999 |c 326486  |d 326484 
020 |a 9525323099 
040 |c Pontificia Universidad Católica de Valparaíso 
082 0 4 |a 937 MUS 2005  |2 21 
100 |a Mustakallio, Katariina  |e editor  |9 522393 
245 1 0 |a Hoping for continuity:  |b  childhood, education and death in antiquity and the middle ages 
260 |a Roma, Italia  |b Instituti Romani Finlandiae  |c 2005 
300 |a 252 páginas 
490 0 |a Acta Instituti Romani Finlandie,  |v  33 
583 |a last modification  |c 20070713 00:00:00  |k Rodrigo Vera 
650 0 |a Historia antigua  |9 267521 
650 7 |a HISTORIA DE LA MUERTE  |2 CL-VaPUC  |9 468898 
650 0 |a Costumbres y tradiciones   |9 268292 
650 0 |a Niños  |9 255605 
651 0 |a Grecia  |9 265314 
651 0 |a Roma   |9 255106 
700 0 |a Hanska, Jussi  |e author  |9 522394 
700 0 |a Sainio, Hanna-Leena  |e author  |9 522395 
700 0 |a Vuolanto, Ville  |e author  |9 522396 
942 |c BK  |2 ddc 
945 |d 20070713 00:00:00  |a jtorresc 
952 |0 0  |1 0  |2 ddc  |4 0  |6 937_000000000000000_MUS_2005  |7 0  |8 A  |9 408401  |a BIBHIS  |b BIBHIS  |d 2019-11-22  |i 4314441  |o 937 MUS 2005  |p 4314441  |r 2025-01-20  |t 1  |w 2019-11-22  |y BK  |k HIS